| 000 | 00909cam a22002777a 4500 | ||
|---|---|---|---|
| 008 | 150111s2003 io a b 001 0 ind | ||
| 010 | _a2003535919 | ||
| 020 | _a9799755921 | ||
| 040 |
_aDLC _cDLC _dDLC |
||
| 050 | 0 | 0 | _aMLCSE 2005/01698 (B) |
| 092 | 0 | 4 |
_a214.144 _bS9486 _221 |
| 099 |
_a04 _a214.144 S9486 |
||
| 100 | 0 | _aSujadi. | |
| 245 | 1 | 0 |
_aManusia dalam perspektif Islam : _bkajian sosioantropologis dengan pendekatan teologis / _cSujadi. |
| 250 | _aCet. 1. | ||
| 260 |
_aPontianak : _bYayasan Insan Cita Kalimantan Barat, _c2003. |
||
| 300 |
_axx, 304 p. : _bill. ; _c22 cm. |
||
| 504 | _aIncludes bibliographical references (p. 295-304) and index. | ||
| 650 | 0 | _aIslam and humanism. | |
| 650 | 0 | _aIslam and social problems. | |
| 902 | _a1 | ||
| 905 |
_aEman _eRev. |
||
| 905 |
_aRadwa _eCat. |
||
| 942 |
_2ddc _cBK |
||
| 999 |
_c137223 _d137223 |
||